[Event "Outouais-ch"]
[Site "Gatineau"]
[Date "2017.05.09"]
[Round "4"]
[White "Scantland, Patrick"]
[Black "Jobin, Gilles G"]
[Result "1-0"]
[WhiteElo "1802"]
[BlackElo "1861"]
[PlyCount "90"]
[EventDate "2017.04.18"]
[EventType "tourn"]
[EventRounds "7"]
[EventCountry "CAN"]
[SourceTitle "EXT 2022"]
[Source "ChessBase"]
[SourceDate "2021.10.06"]
[SourceVersion "1"]
[SourceVersionDate "2021.10.06"]
[SourceQuality "1"]

1. d4 d6 2. Nf3 Bg4 3. e3 Nf6 4. c4 Nbd7 5. Nc3 e5 6. Be2 c6 7. e4 Bxf3 8. Bxf3 exd4 9. Qxd4 Ne5 10. Be2 Be7 11. 0-0 Qc7 12. Bf4 0-0 13. Rac1 Rfd8 14. b4 Ng6 15. Bg3 Ne8 16. Rfd1 Bf6 17. Qe3 Qe7 18. a3 Bh4 19. Rd2 Bxg3 20. Qxg3 Nf6 21. Qe3 Qe5 22. g3 Qe7 23. Rcd1 a5 24. b5 Ne5 25. f4 Ng6 26. Bf3 Ne8 27. Rd3 Rac8 28. b6 Qe6 29. f5 Qxc4 30. fxg6 hxg6 31. e5 Qe6 32. exd6 Qxe3+ 33. Rxe3 Nf6 34. Ne4 Nd5 35. Red3 Nxb6 36. Nc5 Nc4 37. d7 Rb8 38. Re1 Nb6 39. Rd4 Kf8 40. Rb1 Nd5 41. Bxd5 cxd5 42. Rxd5 Ke7 43. Re1+ Kf8 44. Rde5 b6 45. Re8+ Rxe8 1-0

[Event "Gatineau Printemps-A"]
[Site "Gatineau"]
[Date "2017.04.11"]
[Round "4"]
[White "Scantland, Patrick"]
[Black "Raymond, Daniel"]
[Result "1/2-1/2"]
[WhiteElo "1798"]
[BlackElo "1786"]
[PlyCount "105"]
[EventDate "2017.03.21"]
[EventType "swiss"]
[EventRounds "4"]
[EventCountry "CAN"]
[SourceTitle "EXT 2022"]
[Source "ChessBase"]
[SourceDate "2021.10.06"]
[SourceVersion "1"]
[SourceVersionDate "2021.10.06"]
[SourceQuality "1"]

1. d4 d5 2. c4 e6 3. cxd5 exd5 4. Nc3 c5 5. Nf3 Nc6 6. Bg5 Be7 7. Bxe7 Ngxe7 8. e3 0-0 9. Be2 cxd4 10. Nxd4 a6 11. 0-0 Qd6 12. Qd2 Qf6 13. Rfd1 Ne5 14. Nf3 Be6 15. Rac1 Nc4 16. Nxd5 Bxd5 17. Qb4 Bxf3 18. Bxf3 Ne5 19. Be2 N7c6 20. Qxb7 Rab8 21. Qxa6 Rxb2 22. f4 Nb8 23. Qxf6 gxf6 24. Kf1 Ng6 25. a4 Rb7 26. Ra1 Ra7 27. a5 Nd7 28. a6 Nc5 29. Bf3 Rxa6 30. Rxa6 Nxa6 31. Rd6 Nc5 32. Rxf6 Re8 33. Bd5 Ne6 34. g4 Kg7 35. g5 Nd8 36. Kf2 Ne7 37. Be4 Ng8 38. Rd6 Rxe4 39. Rxd8 Rc4 40. h4 Ne7 41. h5 h6 42. Rd7 Nf5 43. g6 Rc5 44. Rxf7+ Kg8 45. Kf3 Ng7 46. Rd7 Nxh5 47. Rf7 Ng7 48. Rb7 Nf5 49. e4 Nd4+ 50. Ke3 Nc2+ 51. Kd2 Nd4 52. f5 Nxf5 53. exf5 1/2-1/2

[Event "Gatineau Printemps-A"]
[Site "Gatineau"]
[Date "2017.04.04"]
[Round "3"]
[White "Scantland, Patrick"]
[Black "Bastien, Andre"]
[Result "1-0"]
[WhiteElo "1798"]
[BlackElo "1834"]
[PlyCount "51"]
[EventDate "2017.03.21"]
[EventType "swiss"]
[EventRounds "4"]
[EventCountry "CAN"]
[SourceTitle "EXT 2022"]
[Source "ChessBase"]
[SourceDate "2021.10.06"]
[SourceVersion "1"]
[SourceVersionDate "2021.10.06"]
[SourceQuality "1"]

1. d4 d5 2. c4 dxc4 3. e4 e5 4. d5 Nf6 5. Nc3 Bb4 6. Qa4+ Nc6 7. dxc6 Bxc3+ 8. bxc3 0-0 9. Ba3 Nxe4 10. Rd1 Qf6 11. Nf3 Nxc3 12. Qb4 Bg4 13. Qxc3 Rfd8 14. Rxd8+ Rxd8 15. Bxc4 Qg6 16. 0-0 Bh3 17. Ng5 Qxg5 18. Qxh3 bxc6 19. Qf3 Qg6 20. Rd1 Rb8 21. Bb3 h5 22. g3 e4 23. Qf4 Rb5 24. Rd4 Rf5 25. Qxe4 Qf6 26. Bc2 1-0

[Event "Gatineau Hiver-A"]
[Site "Gatineau"]
[Date "2017.02.07"]
[Round "2"]
[White "Scantland, Patrick"]
[Black "Solunac, Stephen"]
[Result "1-0"]
[WhiteElo "1753"]
[BlackElo "1748"]
[PlyCount "189"]
[EventDate "2017.01.31"]
[EventType "swiss"]
[EventRounds "4"]
[EventCountry "CAN"]
[SourceTitle "EXT 2022"]
[Source "ChessBase"]
[SourceDate "2021.10.06"]
[SourceVersion "1"]
[SourceVersionDate "2021.10.06"]
[SourceQuality "1"]

1. d4 e6 2. c4 f5 3. Nc3 Nf6 4. g3 Be7 5. Bg2 0-0 6. e4 e5 7. Nge2 d6 8. Bg5 Qe8 9. Qb3 Kh8 10. 0-0 Nc6 11. d5 Nd4 12. Qd1 Nxe2+ 13. Qxe2 Qg6 14. Bxf6 Bxf6 15. exf5 Bxf5 16. Be4 h6 17. b4 a5 18. a3 Qg5 19. Bxf5 Qxf5 20. Qe4 Qh3 21. b5 Be7 22. a4 Rf5 23. Ra2 Raf8 24. f3 g5 25. Raf2 Kg7 26. Ne2 h5 27. g4 hxg4 28. Qxg4 Qxg4+ 29. fxg4 Rxf2 30. Rxf2 Rxf2 31. Kxf2 Bf6 32. Ke3 Kf7 33. Ke4 Kg6 34. Nc1 Be7 35. Nd3 b6 36. Nc1 Bf6 37. Nb3 Bd8 38. c5 Kf6 39. cxd6 cxd6 40. Nd2 Kg6 41. Nf1 Kf6 42. Ng3 Bc7 43. Nf5 Kg6 44. Kf3 Kf6 45. h4 gxh4 46. Nxh4 Kg5 47. Nf5 Kf6 48. Kg3 Kg5 49. Ng7 Kg6 50. Ne6 Bb8 51. Kf3 Kf7 52. g5 Kg6 53. Kg4 Ba7 54. Nf8+ Kf7 55. Nd7 Kg6 56. Kh4 e4 57. Kg4 e3 58. Kf3 e2 59. Kxe2 Kxg5 60. Ke3 Kg6 61. Kf4 Kf7 62. Kf5 Ke7 63. Nf6 Bb8 64. Ng8+ Kf7 65. Nh6+ Ke7 66. Kg6 Bc7 67. Nf5+ Kd7 68. Kf7 Bd8 69. Ng3 Bg5 70. Ne4 Bf4 71. Nf6+ Kd8 72. Ke6 Bg3 73. Ne4 Bh2 74. Nxd6 Kc7 75. Nc4 Bg3 76. d6+ Kb7 77. d7 Bh4 78. Kf7 Bd8 79. Ke8 Kc7 80. Ne3 Bh4 81. Nd5+ Kd6 82. Nxb6 Kc7 83. Nd5+ Kd6 84. d8Q+ Bxd8 85. Kxd8 Kxd5 86. Kc7 Kc5 87. b6 Kb4 88. b7 Kxa4 89. b8Q Ka3 90. Qb1 a4 91. Qa1+ Kb3 92. Kb6 a3 93. Kb5 a2 94. Kc5 Ka4 95. Kc4 1-0

[Event "Gatineau Pere Noel-A"]
[Site "Gatineau"]
[Date "2016.12.13"]
[Round "2"]
[White "Bastien, Andre"]
[Black "Scantland, Patrick"]
[Result "0-1"]
[WhiteElo "1828"]
[BlackElo "1721"]
[PlyCount "146"]
[EventDate "2016.12.06"]
[EventType "swiss"]
[EventRounds "5"]
[EventCountry "CAN"]
[SourceTitle "EXT 2022"]
[Source "ChessBase"]
[SourceDate "2021.10.06"]
[SourceVersion "1"]
[SourceVersionDate "2021.10.06"]
[SourceQuality "1"]

1. d4 Nf6 2. c4 g6 3. Nc3 d5 4. Nf3 Bg7 5. g3 0-0 6. Bg2 dxc4 7. 0-0 c6 8. Ne5 Be6 9. e4 Qc8 10. Qe2 Nbd7 11. Nxc4 Nb6 12. Ne3 Ng4 13. d5 Nxe3 14. Bxe3 cxd5 15. exd5 Bg4 16. Qb5 Nc4 17. Rac1 a6 18. Qc5 Nxb2 19. Qxe7 Re8 20. Qh4 Qd7 21. Ne4 Nd3 22. Nf6+ Bxf6 23. Qxf6 Rxe3 24. fxe3 Nxc1 25. Rxc1 Re8 26. Qf4 Qe7 27. e4 Rc8 28. h3 Bd7 29. Rc7 g5 30. Rxc8+ Bxc8 31. Qb8 Qc5+ 32. Kh2 Kg7 33. Qe5+ f6 34. Qe8 Qc7 35. d6 Qd7 36. Qxd7+ Bxd7 37. e5 fxe5 38. Bxb7 a5 39. g4 Kf6 40. Bd5 h6 41. a3 e4 42. Bxe4 Ke5 43. Bc2 Kxd6 44. Kg3 Kd5 45. h4 Kd4 46. hxg5 hxg5 47. Bg6 Bc6 48. Kf2 Be4 49. Bf7 Kc3 50. Be8 Kb3 51. Ke3 Bh7 52. a4 Kb4 53. Kd2 Bg8 54. Ke3 Be6 55. Kf3 Bb3 56. Ke4 Bc2+ 57. Ke5 Bxa4 58. Bxa4 Kxa4 59. Kf5 Kb4 60. Kxg5 a4 61. Kf6 a3 62. g5 a2 63. g6 a1Q+ 64. Kf7 Qf1+ 65. Ke7 Qe2+ 66. Kf8 Qf3+ 67. Kg8 Kc5 68. Kh7 Qh5+ 69. Kg7 Kd6 70. Kf7 Qf5+ 71. Kg7 Ke7 72. Kh8 Qf6+ 73. Kh7 Kf8 0-1

[Event "Gatineau Automne-A"]
[Site "Gatineau"]
[Date "2016.11.01"]
[Round "2"]
[White "Scantland, Patrick"]
[Black "Bilodeau, Victor"]
[Result "0-1"]
[WhiteElo "1749"]
[BlackElo "1600"]
[PlyCount "66"]
[EventDate "2016.10.25"]
[EventType "swiss"]
[EventRounds "5"]
[EventCountry "CAN"]
[SourceTitle "EXT 2022"]
[Source "ChessBase"]
[SourceDate "2021.10.06"]
[SourceVersion "1"]
[SourceVersionDate "2021.10.06"]
[SourceQuality "1"]

1. d4 d5 2. c4 c6 3. Nf3 Nf6 4. Nc3 e6 5. cxd5 exd5 6. Qc2 h6 7. Bf4 Bd6 8. Ne5 0-0 9. e3 Qc7 10. Rc1 a6 11. Be2 Re8 12. 0-0 Nbd7 13. Nd3 Nb6 14. Bf3 Bf5 15. Qd1 Bxd3 16. Bxd6 Qxd6 17. Qxd3 Re7 18. Ne2 Rae8 19. Ng3 g6 20. h4 h5 21. b3 Nc8 22. Rc3 Ng4 23. Bxg4 hxg4 24. Ne2 Qf6 25. g3 Nd6 26. Nf4 Kg7 27. Qe2 Qf5 28. f3 gxf3 29. Rxf3 Ne4 30. Rc1 Qg4 31. Kg2 Rh8 32. Nh3 Rxh4 33. Rh1 Nxg3 0-1

[Event "Gatineau Rentree-A"]
[Site "Gatineau"]
[Date "2016.10.11"]
[Round "5"]
[White "Thibault, Mario"]
[Black "Scantland, Patrick"]
[Result "0-1"]
[WhiteElo "1813"]
[BlackElo "1754"]
[PlyCount "114"]
[EventDate "2016.09.13"]
[EventType "swiss"]
[EventRounds "5"]
[EventCountry "CAN"]
[SourceTitle "EXT 2022"]
[Source "ChessBase"]
[SourceDate "2021.10.06"]
[SourceVersion "1"]
[SourceVersionDate "2021.10.06"]
[SourceQuality "1"]

1. e4 c5 2. Nc3 d6 3. f4 g6 4. Nf3 Nc6 5. Bb5 Bd7 6. Bxc6 Bxc6 7. d3 Bg7 8. 0-0 e6 9. Be3 Ne7 10. d4 b6 11. Qe2 0-0 12. Rad1 Qc7 13. e5 Bxf3 14. Rxf3 cxd4 15. exd6 Qxd6 16. Nb5 Qb4 17. Bxd4 Bxd4+ 18. Nxd4 Qxb2 19. Rb3 Qxa2 20. Qe1 Qa4 21. Qh4 Nd5 22. Rh3 h5 23. Qg5 Qe8 24. Rxh5 f6 25. Qg3 Nxf4 26. Rh4 e5 27. Rxf4 exf4 28. Qxf4 Rd8 29. c3 Qe5 30. Qg4 Kf7 31. Qf3 Rfe8 32. Qc6 Rc8 33. Qd7+ Qe7 34. Qd5+ Kg7 35. Rf1 Rxc3 36. Nf3 Qe3+ 37. Kh1 Qd3 38. Qb7+ Kf8 39. Rg1 Qe4 40. Qh7 Rxf3 41. Qh8+ Ke7 42. Qg7+ Ke6 43. Qxa7 Rb3 44. Qa2 Qe3 45. Qc2 Kf7 46. Qc4+ Qe6 47. Qc7+ Re7 48. Qf4 Re3 49. Qh6 Re1 50. Qh7+ Ke8 51. Qxg6+ Kd7 52. Qd3+ Kc7 53. Qc2+ Kb7 54. h3 Rxg1+ 55. Kxg1 Qe3+ 56. Kh2 Qe5+ 57. Kh1 Qg3 0-1

[Event "Gatineau Rentree-A"]
[Site "Gatineau"]
[Date "2016.10.04"]
[Round "4"]
[White "Scantland, Patrick"]
[Black "Jobin, Gilles G"]
[Result "1/2-1/2"]
[WhiteElo "1754"]
[BlackElo "1783"]
[PlyCount "81"]
[EventDate "2016.09.13"]
[EventType "swiss"]
[EventRounds "5"]
[EventCountry "CAN"]
[SourceTitle "EXT 2022"]
[Source "ChessBase"]
[SourceDate "2021.10.06"]
[SourceVersion "1"]
[SourceVersionDate "2021.10.06"]
[SourceQuality "1"]

1. d4 d6 2. Nf3 Bg4 3. c4 Bxf3 4. exf3 c6 5. Nc3 Nd7 6. Bd3 Ngf6 7. 0-0 g6 8. Re1 Bg7 9. f4 0-0 10. b3 Re8 11. Bb2 Nh5 12. Ne2 e5 13. fxe5 dxe5 14. Qc2 exd4 15. Nxd4 Rxe1+ 16. Rxe1 Nc5 17. Rd1 Bxd4 18. Bxd4 Qxd4 19. Bxg6 Qe5 20. Bxh7+ Kh8 21. Qf5 Re8 22. Qxe5+ Rxe5 23. Bb1 Nf6 24. f3 Re7 25. Kf2 Rd7 26. Rxd7 Ncxd7 27. Bd3 c5 28. a3 a5 29. g4 Ne5 30. Bf5 Nc6 31. Bc2 Nd4 32. Bd1 Kg7 33. Ke3 Kg6 34. h4 Nd7 35. f4 Kf6 36. Ke4 Nb6 37. f5 Nc6 38. g5+ Kg7 39. h5 f6 40. Kf4 fxg5+ 41. Kxg5 1/2-1/2

[Event "Outaouais-ch ferme"]
[Site "Gatineau"]
[Date "2016.05.10"]
[Round "5"]
[White "Scantland, Patrick"]
[Black "Akrib, Fouad"]
[Result "1/2-1/2"]
[WhiteElo "1788"]
[BlackElo "1967"]
[PlyCount "103"]
[EventDate "2016.04.12"]
[EventType "tourn"]
[EventRounds "7"]
[EventCountry "CAN"]
[SourceTitle "EXT 2022"]
[Source "ChessBase"]
[SourceDate "2021.10.06"]
[SourceVersion "1"]
[SourceVersionDate "2021.10.06"]
[SourceQuality "1"]

1. d4 Nf6 2. Nf3 e6 3. c4 c5 4. Nc3 cxd4 5. Nxd4 Bb4 6. Bd2 Nc6 7. e3 0-0 8. Be2 d6 9. 0-0 e5 10. Nxc6 bxc6 11. a3 Ba5 12. Qc2 d5 13. b4 Bc7 14. cxd5 cxd5 15. Rac1 Be6 16. Rfd1 d4 17. exd4 exd4 18. Ne4 Nxe4 19. Qxc7 Bb3 20. Qf4 Bxd1 21. Rxd1 Nxd2 22. Rxd2 Qb6 23. Rxd4 Rad8 24. Rc4 Qa6 25. Qf3 Rd1+ 26. Bxd1 Qxc4 27. g3 Re8 28. Kg2 Qe4 29. b5 Qxf3+ 30. Kxf3 Re1 31. Bc2 Rc1 32. Bd3 Rc3 33. Ke4 Rxa3 34. h4 Kf8 35. f4 Ke7 36. h5 h6 37. g4 f6 38. Kd4 Kd6 39. Ke4 Kc5 40. Be2 Rb3 41. Kf5 Rxb5 42. Bxb5 Kxb5 43. Kg6 a5 44. Kxg7 a4 45. Kxh6 a3 46. g5 fxg5 47. fxg5 a2 48. g6 a1Q 49. g7 Qf6+ 50. Kh7 Qf5+ 51. Kh6 Qf7 52. g8Q 1/2-1/2

[Event "Gatineau Nouvel An"]
[Site "Gatineau"]
[Date "2016.01.19"]
[Round "3"]
[White "Danilov, Alex"]
[Black "Scantland, Patrick"]
[Result "1/2-1/2"]
[WhiteElo "1786"]
[BlackElo "1741"]
[PlyCount "92"]
[EventDate "2016.01.05"]
[EventType "swiss"]
[EventRounds "5"]
[EventCountry "CAN"]
[SourceTitle "EXT 2022"]
[Source "ChessBase"]
[SourceDate "2021.10.06"]
[SourceVersion "1"]
[SourceVersionDate "2021.10.06"]
[SourceQuality "1"]

1. Nf3 Nf6 2. c4 Nc6 3. g3 e5 4. Bg2 g6 5. Nc3 Bg7 6. 0-0 0-0 7. d3 d6 8. e3 Re8 9. Nd2 Bd7 10. b3 Qc8 11. Bb2 Bh3 12. a3 Bxg2 13. Kxg2 Nd7 14. Qc2 f5 15. Nd5 Ne7 16. Rac1 c6 17. Nxe7+ Rxe7 18. f4 Bh6 19. Nf3 a6 20. Rce1 Qe8 21. Bc3 e4 22. dxe4 Rxe4 23. h4 Rb8 24. Ng5 Bxg5 25. hxg5 b5 26. Qd3 Qe6 27. Rd1 Rxe3 28. Qd4 Qe4+ 29. Qxe4 fxe4 30. Rxd6 Rxc3 31. Rxd7 Rxb3 32. Rh1 Rb2+ 33. Kh3 Rf8 34. Kg4 Rf7 35. Rd8+ Kg7 36. Re8 Rb3 37. Re1 Rxa3 38. R1xe4 Ra4 39. Rd4 h5+ 40. Kh3 Rxc4 41. Rdd8 Rf5 42. Re7+ Rf7 43. Ree8 Rc7 44. Rg8+ Kf7 45. Rgf8+ Kg7 46. Rg8+ Kf7 1/2-1/2

[Event "Outaouais op U1900"]
[Site "Gatineau"]
[Date "2015.06.07"]
[Round "4"]
[White "Scantland, Patrick"]
[Black "Yergeau, Simon"]
[Result "1-0"]
[WhiteElo "1779"]
[BlackElo "1675"]
[PlyCount "63"]
[EventDate "2015.06.05"]
[EventType "swiss"]
[EventRounds "5"]
[EventCountry "CAN"]
[SourceTitle "EXT 2019"]
[Source "ChessBase"]
[SourceDate "2018.10.10"]
[SourceVersion "1"]
[SourceVersionDate "2018.10.10"]
[SourceQuality "1"]

1. d4 d5 2. c4 c6 3. Nf3 Nf6 4. Nc3 dxc4 5. a4 Bf5 6. e3 e6 7. Bxc4 a5 8. Qe2 Bb4 9. Bd2 0-0 10. 0-0 Nbd7 11. h3 Re8 12. Nh4 Bg6 13. Nxg6 hxg6 14. Rfd1 Qc7 15. Rac1 Rad8 16. Qf3 e5 17. Qg3 Nh5 18. Qxg6 Ndf6 19. g4 Ng3 20. fxg3 Bxc3 21. bxc3 exd4 22. Be1 Rxe3 23. Rd3 Rxd3 24. Qxd3 dxc3 25. Qxc3 Ne4 26. Qxa5 Qd6 27. Qf5 Nxg3 28. Qxf7+ Kh8 29. Qf2 Qh6 30. Qxg3 Qxc1 31. Qh4+ Qh6 32. Qxd8+ 1-0

[Event "Outaouais op U1900"]
[Site "Gatineau"]
[Date "2015.06.06"]
[Round "3"]
[White "Girard, Sylvain"]
[Black "Scantland, Patrick"]
[Result "1/2-1/2"]
[WhiteElo "1725"]
[BlackElo "1779"]
[PlyCount "69"]
[EventDate "2015.06.05"]
[EventType "swiss"]
[EventRounds "5"]
[EventCountry "CAN"]
[SourceTitle "EXT 2019"]
[Source "ChessBase"]
[SourceDate "2018.10.10"]
[SourceVersion "1"]
[SourceVersionDate "2018.10.10"]
[SourceQuality "1"]

1. e4 c5 2. Nf3 d6 3. d4 cxd4 4. Nxd4 Nf6 5. Nc3 a6 6. Bg5 e6 7. f4 Nbd7 8. Qf3 Qc7 9. 0-0-0 b5 10. Bd3 Bb7 11. Rhe1 Be7 12. Qg3 Rc8 13. e5 dxe5 14. fxe5 Nd5 15. Nxd5 Bxd5 16. Bxe7 Kxe7 17. Qg5+ Kf8 18. Rd2 Qa5 19. Kd1 Qxa2 20. c3 Nc5 21. Ke2 Nxd3 22. Kxd3 Qc4+ 23. Ke3 Qc7 24. Kf2 h6 25. Qe3 Qe7 26. Kg1 g6 27. Rf2 Kg7 28. Ref1 Rhf8 29. Rf6 Rc5 30. R1f4 Qc7 31. Rh4 Rh8 32. Rhf4 Rf8 33. Rh4 Rh8 34. Rhf4 Rf8 35. Rh4 1/2-1/2

[Event "Gatineau Judith Polgar"]
[Site "Gatineau"]
[Date "2015.02.03"]
[Round "4"]
[White "Scantland, Patrick"]
[Black "Lavergne, Daniel"]
[Result "0-1"]
[WhiteElo "1748"]
[BlackElo "1755"]
[PlyCount "68"]
[EventDate "2015.01.13"]
[EventType "swiss"]
[EventRounds "5"]
[EventCountry "CAN"]
[SourceTitle "EXT 2022"]
[Source "ChessBase"]
[SourceDate "2021.10.06"]
[SourceVersion "1"]
[SourceVersionDate "2021.10.06"]
[SourceQuality "1"]

1. d4 Nf6 2. Nf3 g6 3. c4 Bg7 4. Nc3 0-0 5. e4 d6 6. Be2 c6 7. 0-0 Nbd7 8. h3 Qc7 9. Be3 e5 10. Qd2 Re8 11. d5 Nc5 12. Bd3 cxd5 13. cxd5 a6 14. Rfc1 Qa5 15. Bxc5 dxc5 16. Nd1 Qxd2 17. Nxd2 Bh6 18. Rc2 b5 19. f3 Nh5 20. Nf2 Be3 21. Nf1 Bd4 22. Rd1 c4 23. Be2 Ra7 24. Nh2 f5 25. Kf1 Rf7 26. b3 c3 27. a4 b4 28. Bc4 Kg7 29. Ke1 Nf4 30. Nd3 fxe4 31. Nxf4 Rxf4 32. g3 Rf6 33. fxe4 Bxh3 34. Be2 Bf2# 0-1

[Event "Gatineau Benevoles-B"]
[Site "Gatineau"]
[Date "2014.09.16"]
[Round "2"]
[White "Scantland, Patrick"]
[Black "Danilov, Alex"]
[Result "1-0"]
[WhiteElo "1768"]
[BlackElo "1698"]
[PlyCount "41"]
[EventDate "2014.09.09"]
[EventType "swiss"]
[EventRounds "5"]
[EventCountry "CAN"]
[SourceTitle "EXT 2016"]
[Source "ChessBase"]
[SourceDate "2015.10.08"]
[SourceVersion "1"]
[SourceVersionDate "2015.10.08"]
[SourceQuality "1"]

1. d4 Nf6 2. c4 e6 3. Nf3 Bb4+ 4. Bd2 Be7 5. Nc3 b6 6. e4 0-0 7. Bd3 d6 8. Qc2 Nbd7 9. e5 dxe5 10. dxe5 Nc5 11. Be2 Ne8 12. 0-0 Bd7 13. b4 Na6 14. a3 c6 15. Rad1 Qc7 16. c5 Qb7 17. Bg5 Bc8 18. Ne4 Bxg5 19. Nfxg5 g6 20. Rd8 f5 21. exf6 1-0

[Event "Gatineau CC-ch semi rapid"]
[Site "Gatineau"]
[Date "2014.03.25"]
[Round "5"]
[White "Scantland, Patrick"]
[Black "Cohen, David"]
[Result "1-0"]
[WhiteElo "1628"]
[BlackElo "1790"]
[PlyCount "69"]
[EventDate "2014.03.25"]
[EventType "swiss (rapid)"]
[EventRounds "6"]
[EventCountry "CAN"]
[SourceTitle "EXT 2022"]
[Source "ChessBase"]
[SourceDate "2021.10.06"]
[SourceVersion "1"]
[SourceVersionDate "2021.10.06"]
[SourceQuality "1"]

1. d4 d5 2. Nf3 Nf6 3. c4 e6 4. Nc3 Be7 5. Qc2 c6 6. Bf4 Nbd7 7. cxd5 exd5 8. e3 0-0 9. Bd3 h6 10. 0-0 Re8 11. Nb5 Nc5 12. Nc7 Nxd3 13. Qxd3 Bg4 14. Nxe8 Qxe8 15. Ne5 Bh5 16. f3 Nd7 17. e4 Nxe5 18. Bxe5 Bg6 19. Qe3 Rd8 20. f4 Bxe4 21. f5 f6 22. Bf4 Qh5 23. a3 Bd6 24. Bxd6 Rxd6 25. Qg3 Rd8 26. Rae1 Re8 27. Rf4 Kh7 28. Rh4 Qf7 29. Qf4 Re7 30. g4 b6 31. g5 fxg5 32. Qxg5 Re8 33. Rf1 Rf8 34. f6 gxf6 35. Rxh6# 1-0

[Event "Gatineau TORO U1900"]
[Site "Gatineau"]
[Date "2013.06.09"]
[Round "5"]
[White "Tomalty, Alan"]
[Black "Scantland, Patrick"]
[Result "0-1"]
[WhiteElo "1691"]
[BlackElo "1863"]
[PlyCount "70"]
[EventDate "2013.06.07"]
[EventType "swiss"]
[EventRounds "5"]
[EventCountry "CAN"]
[SourceTitle "EXT 2022"]
[Source "ChessBase"]
[SourceDate "2021.10.06"]
[SourceVersion "1"]
[SourceVersionDate "2021.10.06"]
[SourceQuality "1"]

1. d4 Nf6 2. Nf3 g6 3. Nc3 d5 4. Bf4 Bg7 5. e3 c6 6. Bd3 0-0 7. 0-0 Nbd7 8. h3 Re8 9. Re1 Nh5 10. Bh2 e5 11. dxe5 Nxe5 12. Nxe5 Bxe5 13. Bxe5 Rxe5 14. Be2 Qh4 15. Bxh5 Rxh5 16. Qf3 Rg5 17. Kf1 Rf5 18. Qe2 Rf6 19. f3 Bf5 20. Rac1 Re8 21. Qf2 Qb4 22. Nd1 Qc4+ 23. Kg1 Qxa2 24. Qh4 Qa5 25. Nf2 Qd8 26. e4 dxe4 27. Rcd1 Rd6 28. Qf4 Rxd1 29. Rxd1 Qe7 30. fxe4 Bxe4 31. Re1 f5 32. c3 Qe5 33. Qg5 Kg7 34. g4 Qg3+ 35. Kf1 Bg2+ 0-1

[Event "Gatineau op"]
[Site "Gatineau"]
[Date "2013.03.03"]
[Round "5"]
[White "Sadeghi, Saeid"]
[Black "Scantland, Patrick"]
[Result "1-0"]
[WhiteElo "2026"]
[BlackElo "1837"]
[PlyCount "139"]
[EventDate "2013.03.01"]
[EventType "swiss"]
[EventRounds "5"]
[EventCountry "CAN"]
[SourceTitle "EXT 2022"]
[Source "ChessBase"]
[SourceDate "2021.10.06"]
[SourceVersion "1"]
[SourceVersionDate "2021.10.06"]
[SourceQuality "1"]

1. d4 Nf6 2. Nf3 e6 3. c4 b6 4. Nc3 Bb7 5. Bg5 Be7 6. e3 h6 7. Bf4 0-0 8. Bd3 d5 9. cxd5 exd5 10. Rc1 c6 11. Bb1 Nbd7 12. Ne5 Nxe5 13. dxe5 Ne4 14. Nxe4 dxe4 15. Bxe4 Bb4+ 16. Ke2 Qe8 17. Qa4 a5 18. Bxc6 Ba6+ 19. Kf3 Qe6 20. Qb3 Qf5 21. g4 Qg6 22. Be4 Be2+ 23. Kxe2 Qxe4 24. f3 Qb7 25. Rhd1 Rad8 26. Rxd8 Rxd8 27. Rd1 Rc8 28. a3 Qa6+ 29. Kf2 Bc5 30. e6 fxe6 31. Qxe6+ Kh8 32. Bxh6 Bf8 33. Bxg7+ Bxg7 34. Qb3 Qb7 35. Rd2 Qc7 36. Kg2 Rf8 37. Qd5 Rf6 38. Qd8+ Qxd8 39. Rxd8+ Kh7 40. f4 Rc6 41. Rd2 Rc1 42. e4 Bf8 43. e5 Bc5 44. Kf3 Kg6 45. h4 Rf1+ 46. Kg3 Rg1+ 47. Rg2 Re1 48. f5+ Kf7 49. e6+ Kf6 50. Kf3 Rf1+ 51. Ke4 Re1+ 52. Kd5 Rd1+ 53. Kc6 Rc1 54. Kb5 Rh1 55. g5+ Kxf5 56. g6 Bd4 57. e7 Re1 58. Rg5+ Kf4 59. g7 Bxg7 60. Rxg7 Kf5 61. Kxb6 Kf6 62. Rh7 Kg6 63. Rh8 Rxe7 64. Kxa5 Rb7 65. Rg8+ Kh7 66. Rg2 Rb3 67. Ka4 Rh3 68. b4 Rxh4 69. Ka5 Rh6 70. b5 1-0

[Event "Gatineau Quebec Elite qual"]
[Site "Gatineau"]
[Date "2013.01.29"]
[Round "3"]
[White "Jobin, Gilles G"]
[Black "Scantland, Patrick"]
[Result "1/2-1/2"]
[WhiteElo "1762"]
[BlackElo "1909"]
[PlyCount "82"]
[EventDate "2013.01.15"]
[EventType "swiss"]
[EventRounds "5"]
[EventCountry "CAN"]
[SourceTitle "EXT 2022"]
[Source "ChessBase"]
[SourceDate "2021.10.06"]
[SourceVersion "1"]
[SourceVersionDate "2021.10.06"]
[SourceQuality "1"]

1. Nf3 Nf6 2. g3 b6 3. Bg2 Bb7 4. d4 e6 5. 0-0 d5 6. Nbd2 Nbd7 7. c4 c5 8. Qa4 cxd4 9. cxd5 exd5 10. Nxd4 Bc5 11. N2f3 0-0 12. Bg5 a6 13. Nf5 b5 14. Qh4 Re8 15. N3d4 Qb6 16. b4 Bxd4 17. Nxd4 Ne4 18. Be3 Qf6 19. Qxf6 Ndxf6 20. Rac1 Rac8 21. Rxc8 Rxc8 22. Rc1 Rc4 23. a3 Ng4 24. Bxe4 Nxe3 25. Rxc4 Nxc4 26. Bf3 Nxa3 27. Nf5 Kf8 28. Ne3 f6 29. Bxd5 Bxd5 30. Nxd5 Nc2 31. Kf1 Kf7 32. e4 g6 33. Ke2 Nd4+ 34. Kd3 Ne6 35. f4 f5 36. e5 h5 37. h4 Ke8 38. Ne3 Kd7 39. Nd5 Kc6 40. Ne7+ Kd7 41. Nd5 Kc6 1/2-1/2

[Event "Gatineau Quebec Elite qual"]
[Site "Gatineau"]
[Date "2013.01.22"]
[Round "2"]
[White "Scantland, Patrick"]
[Black "Groleau, Gilles"]
[Result "1/2-1/2"]
[WhiteElo "1909"]
[BlackElo "1918"]
[PlyCount "62"]
[EventDate "2013.01.15"]
[EventType "swiss"]
[EventRounds "5"]
[EventCountry "CAN"]
[SourceTitle "EXT 2022"]
[Source "ChessBase"]
[SourceDate "2021.10.06"]
[SourceVersion "1"]
[SourceVersionDate "2021.10.06"]
[SourceQuality "1"]

1. d4 Nf6 2. c4 e6 3. Nc3 Bb4 4. Qc2 0-0 5. Bg5 h6 6. Bd2 b6 7. f3 Bb7 8. e4 d5 9. cxd5 exd5 10. e5 Nfd7 11. Bd3 Qh4+ 12. g3 Qxd4 13. f4 Nxe5 14. fxe5 Qxe5+ 15. Nge2 d4 16. Ne4 Bxd2+ 17. Kxd2 Na6 18. Bxa6 Bxe4 19. Bd3 Bxh1 20. Rxh1 c5 21. Rf1 Rac8 22. Bc4 Qe3+ 23. Kd1 Rc7 24. Nf4 d3 25. Qxd3 Qxd3+ 26. Nxd3 Rd8 27. Kc2 Kf8 28. Ne5 f6 29. Ng6+ Ke8 30. Re1+ Kd7 31. Rd1+ Ke8 1/2-1/2

[Event "Gatineau Nez Rouge"]
[Site "Gatineau"]
[Date "2012.12.18"]
[Round "5"]
[White "Desjardins, Michel"]
[Black "Scantland, Patrick"]
[Result "1/2-1/2"]
[WhiteElo "1887"]
[BlackElo "1837"]
[PlyCount "41"]
[EventDate "2012.11.20"]
[EventType "swiss"]
[EventRounds "5"]
[EventCountry "CAN"]
[SourceTitle "EXT 2022"]
[Source "ChessBase"]
[SourceDate "2021.10.06"]
[SourceVersion "1"]
[SourceVersionDate "2021.10.06"]
[SourceQuality "1"]

1. e4 c5 2. Nc3 d6 3. g3 e6 4. Bg2 Nc6 5. d3 g6 6. Be3 Bg7 7. Qd2 Rb8 8. Nge2 Nd4 9. 0-0 b5 10. b4 Nxe2+ 11. Nxe2 Bxa1 12. Rxa1 Qf6 13. e5 Qxe5 14. Rd1 Bb7 15. bxc5 Bxg2 16. Bd4 Qd5 17. Bxh8 e5 18. f4 Bh3 19. Nc3 Qxc5+ 20. d4 Qc6 21. Re1 1/2-1/2